000 00277nam a22001337a 4500
003 SGT
082 _a617.5, H06E
100 _aERNST, ARNE
245 _aHEAD AND NECK TRAUMA
260 _aNEW YORK
_bTHIEME PUB.
_c2006
300 _a222
650 _aSURGERY
942 _2ddc
_cBK
999 _c8399
_d8399